| 000 | 00599cam a2200205 4500500 | ||
|---|---|---|---|
| 005 | 20260329003813.0 | ||
| 041 | _afre | ||
| 042 | _adc | ||
| 100 | 1 | 0 |
_aEnjalbert, Cédric _eauthor |
| 245 | 0 | 0 | _aGare à l’anthropodéni ! |
| 260 | _c2017. | ||
| 500 | _a47 | ||
| 690 | _aAnthropodéni | ||
| 690 | _aBiodiversité | ||
| 690 | _aExtinction | ||
| 690 | _aFrans de Waal | ||
| 690 | _aSinge | ||
| 786 | 0 | _nPhilosophie magazine | 107 | 3 | 2017-03-01 | p. 15-15 | 1951-1787 | |
| 856 | 4 | 1 | _uhttps://shs.cairn.info/magazine-philosophie-magazine-2017-3-page-15?lang=fr&redirect-ssocas=7080 |
| 999 |
_c1827820 _d1827820 |
||